000 00509nam a22001937a 4500
999 _c524892
_d524892
003 NUST
005 20190627091206.0
008 190627b ||||| |||| 00| 0 eng d
038 _aWaseem
082 _a891.423
_bZAM
100 _aZaman, Fakhar
_914913
245 _aBandi Waan /
_cFakhar Zaman
260 _aLahore :
_bPeoples Publishing House,
_c1984.
300 _a288 P. ;
500 _aHardcover.
880 _6100-01\r
_aفخر زمان
880 _6245-02\r
_aبندی وان /
942 _2ddc
_cBK